000 00679nam a2200217Ii 4500
003 JO-AjNU
008 230606s9999||||xx |||||||||||||| ||und||
020 _a007-125409-9/978-007-125409-0
040 _aJO-AjNU
_beng
_erda
_cJO-AjNU
041 _aeng
050 1 4 _aHF5635 .A69 2007
100 3 _aAnthony,Robert N /Hawkins,David F / Merchant,Kenneth A,
_eauthor
_93379
245 0 0 _aAccounting : Text and Cases
250 _a12th ed
264 3 1 _aBoston: Mc Graw Hill ,2007
300 _a933p
_b Includes indexes(pages 917-933)
336 _atext
_btxt
_2rdacontent
337 _aunmediated
_bn
_2rdamedia
338 _avolume
_bnc
_2rdacarrier
650 4 _aAccounting
_93380
999 _aE1765
_c1765
_d1765